000 00608cab a2200253 4500
001 ABS60384
008 090401t1999 xxu||||| |||| 00| 0 eng d
035 _a(Sirsi) u92551
041 _aeng
100 _aNock, R.
245 _aStamp duty changes
260 _c1999
350 _a0
490 _aTaxation
_v143(3700) 1 April 1999, 7-9(3)
650 _aBUDGET 1999
650 _aCERTIFICATES OF VALUE
650 _aPROPERTY SALES
650 _aPROPERTY TRANSACTIONS
650 _aSTAMP DUTY
650 _aTRANSITIONAL PROVISIONS
690 _aTAXATION
942 _n0
948 _c06/04/1999
999 _c58668
_d58668